000 01152nam a2200265 a 4500
001 BRCA_1351
005 20190320203404.0
008 920107s1990 mx-a---##b---#000-0#spa-#
020 _a9687009217
040 _aDLC
_cDLC
_dDLC
050 4 _aTS1655.M4
_b.M37 1990
100 1 _aMaria y Campos, Teresa de
_94424
245 1 0 _aHistoria y arte de la seda en México
_bsiglos XVI-XX
_cTeresa de Maria y Campos, Teresa Castelló Yturbide ; fotografías de Michel Zabé.
260 _aMéxico
_bFomento Cultura Banamex
_c1990
300 _a178 p.
_bil. a color
_c27 cm.
500 _aIncluye apéndices : determinaciones taxonómicas. Relación de nombres vernáculos y técnicos de los animales y las plantas mencionadas, bibliografía y glosarios
500 _aLa biblioteca cuenta con 2 ejemplares, el 2do ejemplar donado por Sonia Corcuera pasa al Fondo Ruth Lechuga
504 _aBibliografía: p. 173-178
650 1 4 _aIndustria de la seda
_xHistoria
_zMéxico
_94425
650 1 4 _aSericultura
_zMéxico
_94426
650 1 4 _aIndustrias
_zMéxico
_94427
700 1 _aCastelló Yturbide, Teresa
_92444
700 1 _aZabé, Michel
_938
942 _2lcc
_cB
999 _c1214
_d1214